00775cam a2200181 a 4500001000800000005001700008008004100025010001700066020001700083050002300100100002400123245011600147260011900263300004100382504006000423600006500483710004500548434551320170114112143.0890308s1989 vtua b 001 0 eng  a 89031663  a0892811560 :00aND 699 .R6D43 19891 aDecter, Jacqueline.10aNicholas Roerich :bthe life and art of a Russian master /cJacqueline Decter with the Nicholas Roerich Museum. aRochester, Vt. :bPark Street Press ;a[New York, NY] :bDisttributed to the book trade by Harper and Row,cc1989. a224 p. :bill. (some col.) ;c28 cm. aIncludes bibliographical references (p. 220) and index.10aRoerich, Nicholas,d1874-1947xCriticism and interpretation.2 aNicholas Roerich Museum (New York, N.Y.)